00249nam a22000977a 4500020001500000082002700015100001200042245002300054260003700077526003700114 a9061918650 a627.8bARCcL-22, P-17 aLaginha aArch DamscLaginha aNetherlandsbA.A. Balkemacc1990 a0b0c0d627_800000000000000_ARC